000
00246nmm a2200085Ia 4500
008
220120s9999||||xx |||||||||||||||||und||
100
_a
LFY
_9
10674
245
0
_a
January 2011 : puppy linux 5.1.1, linux for beginners, linux
260
_a
EFY enterprises
999
_c
139648
_d
139648